Hoá phân tích. Tập 1 T.1
Сохранить в:
| Формат: | |
|---|---|
| Язык: | Vietnamese |
| Опубликовано: |
Giáo dục
2007
|
| Метки: |
Добавить метку
Нет меток, Требуется 1-ая метка записи!
|
| Thư viện lưu trữ: | Mạng thư viện Đại học Đà Nẵng |
|---|
| LEADER | 00598nam a2200241 4500 | ||
|---|---|---|---|
| 001 | 000022879 | ||
| 003 | 19328 | ||
| 005 | 20150515140530.0 | ||
| 008 | 150515s2007 viesd | ||
| 020 | |c 59000 | ||
| 041 | 0 | |a vie | |
| 082 | 1 | 4 | |a 543 |b Ho-P |
| 245 | 1 | 0 | |a Hoá phân tích. Tập 1 |b T.1 |c Võ Thị Bạch Huệ chủ biên |
| 260 | |b Giáo dục |c 2007 | ||
| 300 | |a tr. |c cm. | ||
| OWN | |a LSP | ||
| 999 | |a From the UDN01 | ||
| TYP | |a Monograph | ||
| TYP | |a Printed language | ||
| 980 | |a Mạng thư viện Đại học Đà Nẵng | ||